| 000 | 02599nam a2200313 i 4500 | ||
|---|---|---|---|
| 003 | DO-SdBNP | ||
| 005 | 20250605111156.0 | ||
| 007 | ta | ||
| 008 | 250605b2022 dr a|||| |||| 00| 0 spa d | ||
| 020 | _a9781792385049 | ||
| 040 |
_aDO-SdBNP _bspa _cBNPHU _erda |
||
| 041 | _aspa | ||
| 082 | 4 |
_axxx _bS684v _222 |
|
| 100 | 1 |
_aSola, Augusto, _eautor _4aut. _987911 |
|
| 245 | 1 | 0 |
_aVentilación mecánica neonatal a la manera de SIBEN : _bdesde la fisiología al cuidado clínico / _cAugusto Sola, Marcelo Cardetti, Sergio Golombek |
| 250 | _aPrimera edición | ||
| 264 | 4 |
_aMéxcio : _bEdiciones SIBEN, _c©2022. |
|
| 300 |
_a681 páginas : _bilustraciones, fotografías, gráficos, tablas ; _c30 cm. |
||
| 336 |
_atexto _btxt _2rdacontent |
||
| 337 |
_asin mediación _bn _2rdamedia |
||
| 338 |
_avolumen _bnc _2rdacarrier |
||
| 500 | _aIncluye referencias bibliográficas al final de los capítulos | ||
| 505 | _aIntroducción / Augusto Sola, 1.-- Antecedentes históricos de la ventilación neonatal / Augusto Sola, George A. Gregory, 5.-- Fisiología Respiratoria Neonatal, 17.-- Principios Básicos de la Ventilación Mecánica, 65.-- Diferentes Modos de Apoyo Respiratorio, 97.-- Indicaciones de los Diferentes Modos de Apoyo Respiratorio, 157.-- Ventiladores Neonatales, 191.--Monitorización del Recién Nacido Ventilado, 211.-- Daño Inducido por la Ventilación, 289.-- Confort, Sedación, Analgesia y Bloqueo Neuromuscular Durante la Ventilación Mecánica, 343.-- Manejo Clínico General del Recién Nacido que Requiere Apoyo de Ventilación y/o Oxigenación, 351.-- Interacciones Cardiopulmonares y Renales en el Recién Nacido Ventilado, 389.-- Terapéuticas, 417.-- Manejo Clínico de Alteraciones Respiratorias más Frecuentes del Recién Nacido, 469.-- Circulación Extra Corpórea, 587.-- Participación de los Padres en los Cuidados del Recién del Nacido con Apoyo Respiratorio, 597.-- Aspectos Éticos de la Ventilación Neonatal, 601.-- Ventilación no Excesiva ni Agresiva y Proceso de Destete o "Weaning" del Respirador, 609.-- Procesos para la Mejora en los Cuidados y los Resultados en la Ventilación Neonatal, 615.-- Red SIBEN, 619.-- Procesos Necesarios para la Ventilación Neonatal Exitosa, 631.-- Anexo I : Casos clínicos.-- Anexo II : Cuadros con información práctica para el cuidado clínico de recién del nacidos que requieren apoyo ventilatorio.-- Índice analítico, 669. | ||
| 590 | _aInventariado, 2025 /LP | ||
| 700 | 1 |
_aCardetti, Marcelo _eautor _4aut. _987990 |
|
| 700 | 1 |
_aGolombek, Sergio, _eautor _4aut. _987954 |
|
| 910 | _aLP | ||
| 942 |
_2ddc _cLBS1 |
||
| 999 |
_c58536 _d58536 |
||